Music Quiz

Random Music or Song Quiz

'Of' Songs Quiz Stats

 Plays Quiz Updated Dec 2, 2015

Also try: Simile Songs
Challenge
Share
Tweet
Embed
Score 0/40 Timer 05:00
0 Plays Today
Start of Title End of Title % Correct
Because ofYou
88%
Ring ofFire
87.7%
Just the Two ofUs
86.8%
(I've Had) The Time ofMy Life
85.8%
Pieces ofMe
79.6%
No Son ofMine
79.2%
Sowing the Seeds ofLove
78.5%
The Boulevard ofBroken Dreams
77.5%
Heart ofGold
75.9%
Takin' Care ofBusiness
72%
(Sitting on) The Dock of The Bay
68.7%
Blaze ofGlory
63.8%
Can't Get It Out ofMy Head
61.5%
Speed ofSound
60.7%
Sultans ofSwing
59.7%
Werewolves ofLondon
57%
Beast ofBurden
52.6%
Some Kind ofWonderful
50.8%
Point ofNo Return
50.1%
Heart ofGlass
49.1%
Start of Title End of Title % Correct
Out ofthe Blue
47.6%
Two Out ofThree Ain't Bad
45.5%
Heat ofthe Moment
45.4%
Colors ofthe Wind
44%
Wind ofChange
42.4%
Bad Case ofLovin' You
42%
End ofthe Road
36.8%
The River ofDreams
35%
A Hazy Shade ofWinter
32.4%
Half ofMy Heart
31.8%
The Name ofthe Game
27.7%
Land ofConfusion
26.1%
The End ofthe Innocence
23.6%
Coming Out ofthe Dark
22.5%
The Spirit ofRadio
21.2%
The Best ofTimes
21%
One ofThese Nights
16.4%
King ofAnything
16.3%
Deeper Shade ofSoul
8.3%
You Remind Me ofSomething
4.3%

You're not logged in!

Compare scores with friends on all Sporcle quizzes.
Join for Free
OR
Log In

You Might Also Like...

Show Comments

Extras

Top Quizzes Today


Score Distribution

Your Account Isn't Verified!

In order to create a playlist on Sporcle, you need to verify the email address you used during registration. Go to your Sporcle Settings to finish the process.

Report this User

Report this user for behavior that violates our Community Guidelines.

Details: